| 000 | 00349nam a2200109Ia 4500 | ||
|---|---|---|---|
| 008 | 220203s9999 xx 000 0 und d | ||
| 100 | _aP. J. George and C. Kuruvilla Jacob | ||
| 245 | 0 | _aNatural Rubber: Agromanagement and Crop Processing | |
| 260 |
_bRubber Research Institute of India _aKottayam _c2000 |
||
| 650 | _aCrop management | ||
| 942 | _cPN | ||
| 999 |
_c45050 _d45050 |
||